000 00618cam a2200145 4500500
005 20260208020527.0
041 _afre
042 _adc
100 1 0 _aGabaude, Jean-Marc
_eauthor
245 0 0 _aÉliane Martin-Haag, Voltaire. Du cartésianisme aux Lumières, Paris, Vrin, 2002, coll. « Bibliothèque des Philosophes », 22 × 14 cm, 192 p., 19 E.
260 _c2002.
500 _a41
786 0 _nRevue philosophique de la France et de l'étranger | 127 | 4 | 2002-12-01 | p. 433zl-502zl | 0035-3833
856 4 1 _uhttps://shs.cairn.info/revue-philosophique-2002-4-page-433zl?lang=fr&redirect-ssocas=7080
999 _c1661008
_d1661008